|
|
|
|
| LEADER |
02006nam a2200457 i 4500 |
| 001 |
EBC5264994 |
| 003 |
MiAaPQ |
| 005 |
20200923020339.0 |
| 006 |
m o d | |
| 007 |
cr cnu|||||||| |
| 008 |
180302t20182018ne a o 001 0 eng d |
| 020 |
|
|
|z 9789004331440
|
| 020 |
|
|
|a 9789004357044 (e-book)
|
| 035 |
|
|
|a (MiAaPQ)EBC5264994
|
| 035 |
|
|
|a (Au-PeEL)EBL5264994
|
| 035 |
|
|
|a (CaPaEBR)ebr11509959
|
| 035 |
|
|
|a (OCoLC)1022846321
|
| 040 |
|
|
|a MiAaPQ
|b eng
|e rda
|e pn
|c MiAaPQ
|d MiAaPQ
|
| 050 |
|
4 |
|a HB105.P54
|b .T846 2018
|
| 082 |
0 |
|
|a 330.122
|2 23
|
| 245 |
0 |
0 |
|a Twenty-first century inequality & capitalism :
|b Piketty, Marx and beyond /
|c edited by Lauren Langman and David A. Smith.
|
| 264 |
|
1 |
|a Leiden, Netherlands ;
|a Boston, Massachusetts :
|b Brill,
|c 2018.
|
| 264 |
|
4 |
|c 2018
|
| 300 |
|
|
|a 1 online resource (412 pages) :
|b illustrations (some color), tables.
|
| 336 |
|
|
|a text
|2 rdacontent
|
| 337 |
|
|
|a computer
|2 rdamedia
|
| 338 |
|
|
|a online resource
|2 rdacarrier
|
| 490 |
1 |
|
|a Studies in Critical Social Sciences,
|x 1573-4234 ;
|v Volume 116
|
| 500 |
|
|
|a Includes index.
|
| 588 |
|
|
|a Description based on print version record.
|
| 590 |
|
|
|a Electronic reproduction. Ann Arbor, MI : ProQuest, 2016. Available via World Wide Web. Access may be limited to ProQuest affiliated libraries.
|
| 600 |
1 |
0 |
|a Piketty, Thomas,
|d 1971-
|
| 650 |
|
0 |
|a Capitalism
|x Social aspects.
|
| 650 |
|
0 |
|a Equality.
|
| 655 |
|
4 |
|a Electronic books.
|
| 700 |
1 |
|
|a Smith, David Alden,
|e editor.
|
| 700 |
1 |
|
|a Langman, Lauren,
|d 1940-
|e editor.
|
| 776 |
0 |
8 |
|i Print version:
|t Twenty-first century inequality & capitalism : Piketty, Marx and beyond.
|d Leiden, Netherlands ; Boston, Massachusetts : Brill, c2018
|h xvii, 392 pages
|k Studies in critical social sciences ; Volume 116.
|z 9789004331440
|w 2017041372
|
| 797 |
2 |
|
|a ProQuest (Firm)
|
| 830 |
|
0 |
|a Studies in critical social sciences ;
|v Volume 116.
|
| 856 |
4 |
0 |
|u https://ebookcentral.proquest.com/lib/matrademy/detail.action?docID=5264994
|z Click to View
|